Statistics for Country Shapes in the World Map #1 - 30 Seconds Sprint

Click here to take the quiz!

General Stats

  • This quiz has been taken 10,321 times
  • The average score is 13 of 20

Answers on the Map

Answers color-coded by a green-red scale on the quiz's map according to % correct below.
 

Answer Stats

Country% Correct
Mexico
97%
Sweden
86%
Venezuela
86%
Paraguay
80%
Uruguay
80%
Mongolia
77%
Chad
72%
Cuba
72%
Poland
70%
Ethiopia
68%
Mauritania
68%
Angola
67%
Romania
56%
Switzerland
54%
New Zealand
52%
Papua New Guinea
51%
Thailand
49%
Afghanistan
48%
Oman
47%
Azerbaijan
33%

Score Distribution

Percentile by Number Answered

Percent of People with Each Score

Your Score History

You have not taken this quiz